000 00691cab a2200205 4500
001 ABS41656
008 090401t1989 xxu||||| |||| 00| 0 eng d
035 _a(Sirsi) u31461
041 _aeng
100 _aFellows, R.
245 _aRisk in management contracting
260 _c1989
350 _a0
490 _aChartered Builder
_v1(2) November/December 1989, 32-34(3)
520 _aIn the light of the growing popularity in the UK of non-traditional building contracts , this paper examines the risks of management contracting . Bibliography
650 _aJCT MANAGEMENT CONTRACT 1987
690 _aBUILT ENVIRONMENT-BUILDING CONTRACT FORMS
942 _n0
948 _c04/03/1997
999 _c21122
_d21122